Word camerbsl (scramble) daily routine Quiz Stats

 Plays Quiz not verified by Sporcle

Support Sporcle.
Go Orange.
Score 0/21 Timer 05:00
0 Plays Today
scrambles unscrambles % Correct
teaeat
98.6%
iharhair
93.2%
chatwwatch
87.7%
coolhsschool
86.3%
bocmcomb
84.9%
woerhsshower
84.9%
woelttowel
84.9%
serdsdress
84.9%
shrubbrush
83.6%
etehtteeth
83.6%
diverdrive
82.2%
scrambles unscrambles % Correct
dutysstudy
78.1%
sterrest
76.7%
peelssleep
74%
BUAuab
71.2%
eeiiovslnttelevision
69.9%
realeccereal
67.1%
legcolecollege
63%
ooeacbkffacebook
61.6%
tricfaftraffic
57.5%
taeperrepeat
54.8%

You're not logged in!

Compare scores with friends on all Sporcle quizzes.
OR
Log In

From the Vault

Disney Movies A-Z

by LTH

How long until Disney releases a movie starting with Ñ or Æ?
Remove Ads.
Support Sporcle.
Get the best of Sporcle when you Go Orange. This ad-free experience offers more features, more stats, and more fun while also helping to support Sporcle. Thank you for becoming a member.

Show Comments

Extras

Created Feb 7, 2011ReportNominate
Tags:Mixed Word Quiz, scramble

Top Quizzes Today


Score Distribution

Your Account Isn't Verified!

In order to create a playlist on Sporcle, you need to verify the email address you used during registration. Go to your Sporcle Settings to finish the process.

Report this User

Report this user for behavior that violates our Community Guidelines.

Details: